[Event "Rhein Main op-A 25th"]
[Site "Bad Homburg"]
[Date "2023.06.11"]
[Round "7"]
[White "Faqiry, Ramat"]
[Black "Wachsmann, Elmar"]
[Result "1/2-1/2"]
[WhiteElo "1994"]
[BlackElo "1842"]
[PlyCount "62"]
[EventDate "2023.06.07"]
[EventType "swiss"]
[EventRounds "7"]
[EventCountry "GER"]
[SourceTitle "CBM 215 Extra"]
[Source "ChessBase"]
[SourceDate "2023.09.30"]
[SourceVersion "1"]
[SourceVersionDate "2023.09.30"]
[SourceQuality "1"]

1. d4 d5 2. c4 e6 3. Nf3 Nf6 4. Nc3 Be7 5. Bf4 0-0 6. e3 b6 7. a3 Bb7 8. b4 c5 9. b5 Nbd7 10. Be2 Rc8 11. cxd5 Nxd5 12. Nxd5 Bxd5 13. 0-0 cxd4 14. exd4 Rc3 15. Bd2 Rc7 16. Qa4 Qa8 17. Rfc1 Rfc8 18. Ne1 Bd6 19. f3 h5 20. Nd3 h4 21. h3 Nf6 22. Ne5 Nh5 23. Rxc7 Rxc7 24. Rc1 Rxc1+ 25. Bxc1 Ng3 26. Bd1 Bxe5 27. dxe5 Qc8 28. Be3 Qc3 29. Bf2 Qd3 30. Kh2 Nf1+ 31. Kg1 Ng3 1/2-1/2

[Event "Rhein Main op-A 25th"]
[Site "Bad Homburg"]
[Date "2023.06.10"]
[Round "6"]
[White "Pichl, Michael"]
[Black "Faqiry, Ramat"]
[Result "1/2-1/2"]
[WhiteElo "1765"]
[BlackElo "1994"]
[PlyCount "195"]
[EventDate "2023.06.07"]
[EventType "swiss"]
[EventRounds "7"]
[EventCountry "GER"]
[SourceTitle "CBM 215 Extra"]
[Source "ChessBase"]
[SourceDate "2023.09.30"]
[SourceVersion "1"]
[SourceVersionDate "2023.09.30"]
[SourceQuality "1"]

1. g3 d5 2. Bg2 e5 3. d3 Nc6 4. Nf3 Nf6 5. 0-0 Bc5 6. c4 0-0 7. cxd5 Nxd5 8. a3 a5 9. b3 h6 10. Bb2 Re8 11. Nbd2 Bg4 12. Rc1 Ba7 13. Rxc6 bxc6 14. Nxe5 Rxe5 15. Bxe5 Qe7 16. Qa1 f6 17. e4 Ne3 18. fxe3 Bxe3+ 19. Kh1 fxe5 20. Qc3 Bxd2 21. Qxd2 Qxa3 22. Qc3 a4 23. Qxc6 axb3 24. Qg6 Qd6 25. Qxg4 b2 26. Qd1 Ra1 27. Qb3+ Kh7 28. Qxb2 Ra3 29. Bh3 Qxd3 30. Bf5+ g6 31. Bh3 Rc3 32. Qf2 Qxe4+ 33. Bg2 Qc4 34. Qf7+ Qxf7 35. Rxf7+ Kg8 36. Bd5 Rc5 37. Rd7+ Kf8 38. Kg2 Ke8 39. Be6 e4 40. Bh3 Rc2+ 41. Kg1 Rc1+ 42. Kf2 Rc2+ 43. Ke3 Rxh2 44. Be6 Rg2 45. g4 h5 46. gxh5 gxh5 47. Rxc7 h4 48. Kxe4 Re2+ 49. Kf5 h3 50. Kf6 Rd2 51. Rc8+ Rd8 52. Rc7 Rb8 53. Rh7 Kd8 54. Ke5 h2 55. Rxh2 Kc7 56. Rh7+ Kb6 57. Kd6 Rd8+ 58. Bd7 Rg8 59. Rh1 Rg6+ 60. Be6 Kb5 61. Kd5 Rf6 62. Ke5 Rf3 63. Kd6 Rc3 64. Kd5 Rc7 65. Kd6 Rc3 66. Bd5 Rc8 67. Ke5 Kb4 68. Kd4 Rc2 69. Rh8 Ka3 70. Rb8 Rb2 71. Ra8+ Kb4 72. Bc4 Rd2+ 73. Bd3 Rh2 74. Rb8+ Ka5 75. Kc5 Rh5+ 76. Kd4 Rh4+ 77. Be4 Rg4 78. Kc5 Ka4 79. Kd4 Rh4 80. Kd3 Rh3+ 81. Kc4 Ka5 82. Rb5+ Ka6 83. Rg5 Rh4 84. Rg6+ Ka5 85. Re6 Rf4 86. Kc5 Ka4 87. Bd5 Ka3 88. Re3+ Kb2 89. Rb3+ Kc2 90. Ra3 Rf8 91. Kd4 Rb8 92. Ra2+ Rb2 93. Ra8 Rb6 94. Rh8 Kb2 95. Rh2+ Ka3 96. Kc3 Ka4 97. Ra2+ Kb5 98. Bc4+ 1/2-1/2

[Event "Rhein Main op-A 25th"]
[Site "Bad Homburg"]
[Date "2023.06.08"]
[Round "2"]
[White "Rubsamen, Cornelius"]
[Black "Faqiry, Ramat"]
[Result "1-0"]
[WhiteElo "2183"]
[BlackElo "1994"]
[PlyCount "93"]
[EventDate "2023.06.07"]
[EventType "swiss"]
[EventRounds "7"]
[EventCountry "GER"]
[SourceTitle "CBM 215 Extra"]
[Source "ChessBase"]
[SourceDate "2023.09.30"]
[SourceVersion "1"]
[SourceVersionDate "2023.09.30"]
[SourceQuality "1"]

1. e4 e6 2. Nf3 b6 3. d4 d5 4. e5 f5 5. c3 Bb7 6. Bb5+ c6 7. Bd3 Nh6 8. Bxh6 gxh6 9. 0-0 Nd7 10. a4 Qe7 11. a5 b5 12. b4 a6 13. Nbd2 h5 14. Ne1 0-0-0 15. Qxh5 Rg8 16. g3 Qg7 17. Ndf3 Be7 18. Ng2 Kb8 19. Nf4 Nf8 20. Rfe1 Bc8 21. Kf1 Bd7 22. Ke2 Rh8 23. Rg1 Be8 24. Qh3 h5 25. Qg2 Bf7 26. h4 Ng6 27. Nh3 Rhg8 28. Qf1 Qh6 29. Qc1 Qg7 30. Qd2 Nf8 31. Nfg5 Kc7 32. Rae1 Kd7 33. Kd1 Rc8 34. Kc2 Bg6 35. Kb3 Nh7 36. Nf3 Bf7 37. Nf4 Qg4 38. Nh2 Qg7 39. Bxf5 exf5 40. e6+ Kc7 41. exf7 Qxf7 42. Qe2 Rce8 43. Qxh5 Qxh5 44. Nxh5 Bd6 45. Nf3 Re4 46. Nd2 Ree8 47. Kc2 1-0

[Event "Rhein Main op-A 25th"]
[Site "Bad Homburg"]
[Date "2023.06.07"]
[Round "1"]
[White "Faqiry, Ramat"]
[Black "Graef, Jakob Vincent"]
[Result "1-0"]
[WhiteElo "1994"]
[BlackElo "1646"]
[PlyCount "75"]
[EventDate "2023.06.07"]
[EventType "swiss"]
[EventRounds "7"]
[EventCountry "GER"]
[SourceTitle "CBM 215 Extra"]
[Source "ChessBase"]
[SourceDate "2023.09.30"]
[SourceVersion "1"]
[SourceVersionDate "2023.09.30"]
[SourceQuality "1"]

1. d4 d5 2. Bg5 c6 3. e3 Qb6 4. b3 Bf5 5. Nf3 h6 6. Bh4 Nd7 7. Bd3 Bxd3 8. Qxd3 e6 9. 0-0 Be7 10. Nbd2 Bxh4 11. Nxh4 Ngf6 12. f4 0-0 13. Nhf3 Rac8 14. Ne5 c5 15. c3 Rc7 16. c4 cxd4 17. exd4 dxc4 18. Ndxc4 Qa6 19. Rf3 Rd8 20. Qe3 Nd5 21. Qf2 N7f6 22. f5 b5 23. Nb2 Nc3 24. Nbd3 Nce4 25. Qe3 exf5 26. Rxf5 Qd6 27. Nf3 Rc3 28. Rd1 a6 29. h4 Ng3 30. Re5 Kf8 31. Qe1 Nfh5 32. Qxc3 Qxe5 33. Qa5 Qe3+ 34. Kh2 Rxd4 35. Nxd4 Qxd4 36. Qb4+ Qxb4 37. Nxb4 a5 38. Nc6 1-0

[Event "Rhein Main op-A 24th"]
[Site "Bad Homburg"]
[Date "2022.06.15"]
[Round "1"]
[White "Schmid, Roland1111"]
[Black "Faqiry, Ramat"]
[Result "0-1"]
[WhiteElo "2265"]
[BlackElo "1959"]
[PlyCount "40"]
[EventDate "2022.06.15"]
[EventType "swiss"]
[EventRounds "7"]
[EventCountry "GER"]
[SourceTitle "EXT 2023"]
[Source "ChessBase"]
[SourceDate "2022.10.05"]
[SourceVersion "1"]
[SourceVersionDate "2022.10.05"]
[SourceQuality "1"]

1. Nf3 c5 2. c4 Nc6 3. Nc3 e5 4. e3 Nf6 5. d4 exd4 6. exd4 cxd4 7. Nxd4 Bb4 8. Nf5 0-0 9. Bg5 d5 10. Qf3 Re8+ 11. Be3 Re5 12. g4 Nxg4 13. Qxg4 Bxf5 14. Qh4 Qa5 15. Rd1 d4 16. Rxd4 Nxd4 17. Qxd4 Rd8 18. Qf4 Bxc3+ 19. bxc3 Qxc3+ 20. Ke2 Bd3+ 0-1

[Event "Oberliga Ost-B 2122"]
[Site "Germany"]
[Date "2022.05.22"]
[Round "5.7"]
[White "Schlamp, Robert"]
[Black "Faqiry, Ramat"]
[Result "1-0"]
[WhiteElo "2259"]
[BlackElo "1962"]
[PlyCount "63"]
[EventDate "2021.10.10"]
[EventType "team-tourn"]
[EventRounds "11"]
[EventCountry "GER"]
[SourceTitle "EXT 2023"]
[Source "ChessBase"]
[SourceDate "2022.10.05"]
[SourceVersion "1"]
[SourceVersionDate "2022.10.05"]
[SourceQuality "1"]
[WhiteTeam "Oberursel"]
[BlackTeam "Bad Homburg"]
[WhiteTeamCountry "GER"]
[BlackTeamCountry "GER"]

1. e4 c5 2. Nf3 Nc6 3. d3 d6 4. Nbd2 g6 5. Be2 Bg7 6. 0-0 Nf6 7. c3 e5 8. a4 0-0 9. Nc4 Be6 10. Qc2 h6 11. Rb1 Nh5 12. b4 b6 13. b5 Ne7 14. Rd1 Qc7 15. Ne3 Nf4 16. Bf1 f5 17. c4 g5 18. Ne1 Nfg6 19. exf5 Nxf5 20. Nxf5 Bxf5 21. g3 Bg4 22. Bg2 Bxd1 23. Bd5+ Kh8 24. Qxd1 Rae8 25. Bxg5 Qd7 26. Be3 Qf5 27. Be4 Qf6 28. Ng2 Re7 29. Qh5 Re6 30. Rf1 Rd8 31. Bxh6 Kg8 32. Bg5 1-0

[Event "Heusenstamm Sparkassen op-A 6th"]
[Site "Heusenstamm"]
[Date "2019.11.21"]
[Round "1"]
[White "Faqiry, Ramat"]
[Black "Cramer, Lydia"]
[Result "0-1"]
[WhiteElo "1995"]
[BlackElo "1529"]
[PlyCount "72"]
[EventDate "2019.11.21"]
[EventType "swiss"]
[EventRounds "7"]
[EventCountry "GER"]
[SourceTitle "CBM 194 Extra"]
[Source "ChessBase"]
[SourceDate "2020.03.31"]
[SourceVersion "1"]
[SourceVersionDate "2020.03.31"]
[SourceQuality "1"]

1. d4 Nf6 2. c4 e6 3. Nc3 d5 4. Nf3 Be7 5. g3 0-0 6. Bg2 dxc4 7. Ne5 c5 8. e3 Nbd7 9. Nxc4 Rb8 10. a4 a6 11. a5 b5 12. axb6 Nxb6 13. Ne5 Bb7 14. Bxb7 Rxb7 15. Rxa6 Nfd7 16. Nc6 Qe8 17. 0-0 Nb8 18. Nxe7+ Qxe7 19. Ra5 cxd4 20. exd4 Nc6 21. Rh5 Qf6 22. Qd3 g6 23. Rh4 Rd8 24. Qa6 Rbb8 25. Ne4 Qxd4 26. Ng5 Qd5 27. Nxh7 Qf3 28. Ng5 Qd5 29. Qe2 Nd4 30. Qg4 e5 31. Ne4 Nd7 32. Bg5 f5 33. Bf6 fxg4 34. Rh8+ Kf7 35. Rh7+ Ke6 36. Re7+ Kf5 0-1

[Event "Bad Soden sim1"]
[Site "Bad Soden"]
[Date "2019.10.03"]
[Round "1.3"]
[White "Anand, Viswanathan"]
[Black "Faqiry, Ramat"]
[Result "1-0"]
[WhiteElo "2765"]
[BlackElo "1995"]
[PlyCount "75"]
[EventDate "2019.10.03"]
[EventType "simul"]
[EventRounds "1"]
[EventCountry "GER"]
[SourceTitle "EXT 2021"]
[Source "ChessBase"]
[SourceDate "2020.10.23"]
[SourceVersion "1"]
[SourceVersionDate "2020.10.23"]
[SourceQuality "1"]

1. Nf3 Nf6 2. e3 e6 3. c4 b6 4. d4 Bb7 5. Bd3 Bb4+ 6. Nc3 Ne4 7. Qc2 f5 8. 0-0 Bxc3 9. bxc3 0-0 10. Ne1 d6 11. f3 Nf6 12. e4 g6 13. exf5 exf5 14. a4 Nc6 15. Qa2 Kg7 16. Nc2 Qd7 17. Bd2 Rae8 18. Qb2 Na5 19. Na3 Ba6 20. Qc2 c6 21. Rfe1 Qf7 22. Bf4 Rxe1+ 23. Rxe1 Rd8 24. Qd2 Rd7 25. Bh6+ Kg8 26. d5 Re7 27. Rd1 Nd7 28. dxc6 Nxc6 29. Bf1 Nc5 30. Nb5 Rd7 31. Nxd6 Qe6 32. Re1 Ne4 33. fxe4 Qxd6 34. exf5 Qc5+ 35. Kh1 Re7 36. f6 Rxe1 37. Qxe1 Qe5 38. f7+ 1-0

[Event "Hessenliga 1921"]
[Site "Hessen"]
[Date "2019.09.22"]
[Round "1.6"]
[White "Ugolyk, Vitaliy"]
[Black "Faqiry, Ramat"]
[Result "1-0"]
[WhiteElo "2228"]
[BlackElo "1995"]
[PlyCount "49"]
[EventDate "2019.09.22"]
[EventType "team-tourn"]
[EventRounds "9"]
[EventCountry "GER"]
[SourceTitle "EXT 2024"]
[Source "ChessBase"]
[SourceDate "2023.10.10"]
[SourceVersion "1"]
[SourceVersionDate "2023.10.10"]
[SourceQuality "1"]
[WhiteTeam "Fulda"]
[BlackTeam "Bad Homburg"]
[WhiteTeamCountry "GER"]
[BlackTeamCountry "GER"]

1. d4 Nf6 2. c4 e6 3. Nc3 Bb4 4. Bg5 h6 5. Bh4 g5 6. Bg3 Ne4 7. Qc2 f5 8. e3 0-0 9. Bd3 d5 10. Nge2 c5 11. dxc5 Nxc5 12. Rd1 Nc6 13. 0-0 Bxc3 14. Qxc3 Ne4 15. Bxe4 fxe4 16. Qa3 h5 17. Bd6 Rf7 18. cxd5 exd5 19. Rxd5 Be6 20. Rd2 Ne5 21. Bb4 Qe8 22. Bc3 Nc4 23. Qc5 Rf5 24. Qd4 Re5 25. b3 1-0

[Event "Frankfurt-chA"]
[Site "Frankfurt"]
[Date "2019.06.17"]
[Round "7"]
[White "Seickel, Ralf"]
[Black "Faqiry, Ramat"]
[Result "1-0"]
[WhiteElo "1993"]
[BlackElo "1973"]
[PlyCount "67"]
[EventDate "2019.04.29"]
[EventType "swiss"]
[EventRounds "7"]
[EventCountry "GER"]
[SourceTitle "EXT 2020"]
[Source "ChessBase"]
[SourceDate "2019.10.17"]
[SourceVersion "1"]
[SourceVersionDate "2019.10.17"]
[SourceQuality "1"]

1. e4 c5 2. Nf3 Nc6 3. d4 cxd4 4. Nxd4 Qb6 5. Nb3 Nf6 6. Nc3 e6 7. Bd3 Be7 8. 0-0 0-0 9. Be3 Qc7 10. f4 d6 11. Nb5 Qb8 12. c4 a6 13. N5d4 e5 14. fxe5 dxe5 15. Nf5 Be6 16. Rc1 Qc7 17. Qf3 Rad8 18. Nxe7+ Nxe7 19. Bg5 Ne8 20. c5 f6 21. Bd2 Qd7 22. Bc4 Nc6 23. Rfd1 Bxc4 24. Ba5 Nd4 25. Nxd4 exd4 26. Bxd8 Bxa2 27. Ba5 Be6 28. Qd3 g6 29. Qxd4 Qf7 30. c6 bxc6 31. Bb4 Nc7 32. Bxf8 Kxf8 33. Rxc6 Nb5 34. Qc5+ 1-0

[Event "Frankfurt-chA"]
[Site "Frankfurt"]
[Date "2019.05.27"]
[Round "5"]
[White "Menning, Uwe"]
[Black "Faqiry, Ramat"]
[Result "0-1"]
[WhiteElo "1779"]
[BlackElo "1973"]
[PlyCount "102"]
[EventDate "2019.04.29"]
[EventType "swiss"]
[EventRounds "7"]
[EventCountry "GER"]
[SourceTitle "EXT 2020"]
[Source "ChessBase"]
[SourceDate "2019.10.17"]
[SourceVersion "1"]
[SourceVersionDate "2019.10.17"]
[SourceQuality "1"]

1. d4 Nf6 2. Nf3 g6 3. Bg5 Bg7 4. e3 h6 5. Bxf6 Bxf6 6. Bc4 d5 7. Bb5+ c6 8. Be2 Qb6 9. Qc1 Bf5 10. 0-0 0-0 11. c3 Nd7 12. Nbd2 g5 13. Nb3 a5 14. Qd2 a4 15. Nc1 g4 16. Ne1 e5 17. dxe5 Nxe5 18. Bd3 Nc4 19. Bxc4 dxc4 20. a3 Qc7 21. e4 Bxe4 22. Qxh6 Qe5 23. Qe3 Bg5 24. Qe2 Qe6 25. f3 Bf5 26. Qxe6 Bxe6 27. fxg4 Bxg4 28. Nf3 Be3+ 29. Kh1 f5 30. Ne5 b5 31. Nxc6 Rae8 32. Na2 Be2 33. Rfe1 Bd2 34. Reb1 Bd3 35. Rd1 Re2 36. Nd4 Rf2 37. Nb4 Be4 38. Nf3 Be3 39. h3 Kh8 40. Nd5 f4 41. Nxe3 fxe3 42. Rf1 Rxb2 43. Rae1 Rf2 44. Kg1 Rg8 45. Rxf2 exf2+ 46. Kxf2 Bc2 47. Re5 Rd8 48. Nd4 b4 49. Nxc2 Rd2+ 50. Re2 Rxe2+ 51. Kxe2 b3 0-1

[Event "Frankfurt-chA"]
[Site "Frankfurt"]
[Date "2019.05.20"]
[Round "4"]
[White "Faqiry, Ramat"]
[Black "Winand, Edgar"]
[Result "1/2-1/2"]
[WhiteElo "1973"]
[BlackElo "1778"]
[PlyCount "72"]
[EventDate "2019.04.29"]
[EventType "swiss"]
[EventRounds "7"]
[EventCountry "GER"]
[SourceTitle "EXT 2020"]
[Source "ChessBase"]
[SourceDate "2019.10.17"]
[SourceVersion "1"]
[SourceVersionDate "2019.10.17"]
[SourceQuality "1"]

1. d4 d6 2. Nf3 h6 3. c4 g5 4. e4 Bg7 5. Nc3 Nc6 6. h3 e5 7. d5 Nce7 8. g4 Ng6 9. Ne2 Nf4 10. Ng3 Ne7 11. Nf5 Bf6 12. Be3 Nxf5 13. gxf5 Ke7 14. c5 Bd7 15. Qb3 b6 16. c6 Bc8 17. Qa3 a5 18. Bxf4 gxf4 19. 0-0-0 Ba6 20. Bxa6 Rxa6 21. Rhg1 Ra8 22. Nh2 Rh7 23. Rg2 Qh8 24. Rdg1 Rg7 25. Qf3 Rag8 26. Ng4 h5 27. Nh2 Rxg2 28. Rxg2 Rxg2 29. Qxg2 Qa8 30. Nf1 Qa6 31. Nd2 Qe2 32. Qg8 Qe1+ 33. Kc2 Qxf2 34. Qc8 Qc5+ 35. Kd3 Qe3+ 36. Kc2 Qc5+ 1/2-1/2

[Event "Hessenliga 1819"]
[Site "Hessen"]
[Date "2019.04.07"]
[Round "8.6"]
[White "Faqiry, Ramat"]
[Black "Engel, Johannes"]
[Result "1-0"]
[WhiteElo "2022"]
[BlackElo "2165"]
[PlyCount "57"]
[EventDate "2018.09.23"]
[EventType "team-tourn"]
[EventRounds "9"]
[EventCountry "GER"]
[SourceTitle "EXT 2020"]
[Source "ChessBase"]
[SourceDate "2019.10.17"]
[SourceVersion "1"]
[SourceVersionDate "2019.10.17"]
[SourceQuality "1"]
[WhiteTeam "Bad Homburg"]
[BlackTeam "Frankfurt BvK"]
[WhiteTeamCountry "GER"]
[BlackTeamCountry "GER"]

1. d4 e6 2. c4 d5 3. Nf3 Nf6 4. Nc3 Be7 5. g3 0-0 6. Bg2 b6 7. 0-0 Bb7 8. Ne5 h6 9. Qc2 c5 10. dxc5 Bxc5 11. a3 Qc7 12. Bf4 g5 13. Nb5 Qc8 14. Be3 a6 15. Bxc5 Qxc5 16. b4 Qe7 17. Nd4 Rc8 18. Qd3 Qc7 19. f4 dxc4 20. Qc2 Bxg2 21. Kxg2 Nbd7 22. Nxf7 Kxf7 23. fxg5 Rg8 24. Qh7+ Rg7 25. g6+ Kf8 26. Nxe6+ Ke7 27. Qxg7+ Kxe6 28. Qf7+ Ke5 29. Rxf6 1-0

[Event "Rhein Main op-A 21st"]
[Site "Bad Homburg"]
[Date "2018.05.31"]
[Round "3"]
[White "Faqiry, Ramat"]
[Black "Beck, Andreas"]
[Result "1-0"]
[WhiteElo "2006"]
[BlackElo "1817"]
[PlyCount "45"]
[EventDate "2018.05.30"]
[EventType "swiss"]
[EventRounds "7"]
[EventCountry "GER"]
[SourceTitle "EXT 2019"]
[Source "ChessBase"]
[SourceDate "2018.10.10"]
[SourceVersion "1"]
[SourceVersionDate "2018.10.10"]
[SourceQuality "1"]

1. d4 g6 2. c4 Bg7 3. Nf3 c5 4. Nc3 Nc6 5. e3 d6 6. Be2 e5 7. d5 Nce7 8. e4 Nf6 9. 0-0 0-0 10. a3 a6 11. b4 b6 12. Ne1 Bd7 13. f4 exf4 14. Bxf4 Nxe4 15. Nxe4 Ba4 16. Qc1 Nf5 17. Nf3 Qe7 18. Bd3 Rae8 19. Ra2 b5 20. Re2 Nd4 21. Nxd4 Bxd4+ 22. Kh1 Be5 23. Bxe5 1-0

[Event "Rhein Main op-A 21st"]
[Site "Bad Homburg"]
[Date "2018.05.31"]
[Round "2"]
[White "Papadopoulos, Ioannis1111"]
[Black "Faqiry, Ramat"]
[Result "1-0"]
[WhiteElo "1900"]
[BlackElo "2006"]
[PlyCount "47"]
[EventDate "2018.05.30"]
[EventType "swiss"]
[EventRounds "7"]
[EventCountry "GER"]
[SourceTitle "EXT 2019"]
[Source "ChessBase"]
[SourceDate "2018.10.10"]
[SourceVersion "1"]
[SourceVersionDate "2018.10.10"]
[SourceQuality "1"]

1. e4 c5 2. Nf3 Nc6 3. d4 cxd4 4. Nxd4 Qb6 5. Nb3 Nf6 6. Nc3 e6 7. Be3 Qc7 8. Be2 Be7 9. 0-0 0-0 10. f4 d6 11. Qe1 a6 12. Qg3 b5 13. Bf3 Bb7 14. e5 Nd7 15. exd6 Bxd6 16. Ne4 Be7 17. c3 Na5 18. Nxa5 Qxa5 19. Bd4 g6 20. Qh3 Bxe4 21. Bxe4 Rad8 22. f5 exf5 23. Rxf5 Qc7 24. Qxh7+ 1-0

[Event "Rhein Main op-A 20th"]
[Site "Bad Homburg"]
[Date "2017.06.18"]
[Round "7"]
[White "Faqiry, Ramat"]
[Black "Papadopoulos, Ioannis1111"]
[Result "1-0"]
[WhiteElo "2014"]
[BlackElo "1826"]
[PlyCount "77"]
[EventDate "2017.06.14"]
[EventType "swiss"]
[EventRounds "7"]
[EventCountry "GER"]
[SourceTitle "EXT 2018"]
[Source "ChessBase"]
[SourceDate "2017.10.13"]
[SourceVersion "1"]
[SourceVersionDate "2017.10.13"]
[SourceQuality "1"]

1. d4 d5 2. c4 e6 3. Nf3 Nf6 4. g3 Be7 5. Bg2 0-0 6. 0-0 dxc4 7. Qc2 a6 8. Qxc4 b5 9. Qc2 Bb7 10. Bf4 Nd5 11. Bd2 Nd7 12. a3 c5 13. dxc5 Nxc5 14. Nc3 Rc8 15. Rfd1 Qb6 16. Ne5 Bf6 17. Ng4 Bxc3 18. Bxc3 Na4 19. Rd3 Ndxc3 20. bxc3 Bxg2 21. Kxg2 Qc6+ 22. f3 Qc5 23. Nf2 f5 24. Qb3 Qe5 25. f4 Qxe2 26. Ra2 Qe1 27. Rd1 Qe3 28. Rd3 Qb6 29. Qb4 a5 30. Qe7 Rfe8 31. Qg5 Rxc3 32. Rd7 Qc6+ 33. Ne4 Rc2+ 34. Rxc2 Qxc2+ 35. Kh3 Qb2 36. Qh5 Rf8 37. Ng5 h6 38. Nxe6 Rf6 39. Qe8+ 1-0

[Event "Rhein Main op-A 19th"]
[Site "Bad Homburg"]
[Date "2016.05.28"]
[Round "5"]
[White "Stierle, Martin"]
[Black "Faqiry, Ramat"]
[Result "0-1"]
[WhiteElo "1893"]
[BlackElo "2013"]
[PlyCount "54"]
[EventDate "2016.05.25"]
[EventType "swiss"]
[EventRounds "7"]
[EventCountry "GER"]
[SourceTitle "EXT 2017"]
[Source "ChessBase"]
[SourceDate "2016.10.25"]
[SourceVersion "1"]
[SourceVersionDate "2016.10.25"]
[SourceQuality "1"]

1. d4 d5 2. c4 e5 3. dxe5 d4 4. a3 Nc6 5. Nf3 Bg4 6. Nbd2 a5 7. h3 Bh5 8. g3 Bc5 9. Bg2 Nge7 10. 0-0 Bg6 11. Nh4 0-0 12. Nxg6 Nxg6 13. Nb3 Ba7 14. Bxc6 bxc6 15. Nxa5 Qd7 16. b4 Nxe5 17. Kh2 Bb6 18. Bf4 Ng6 19. Nb3 Nxf4 20. gxf4 Qf5 21. c5 Qxf4+ 22. Kh1 Qh4 23. Kh2 Rad8 24. Qd3 Ba7 25. f4 Rfe8 26. Nxd4 Rxd4 27. Qf3 Rde4 0-1

[Event "Rhein Main op-A 19th"]
[Site "Bad Homburg"]
[Date "2016.05.25"]
[Round "1"]
[White "Hacker, Jonas"]
[Black "Faqiry, Ramat"]
[Result "1-0"]
[WhiteElo "2288"]
[BlackElo "2013"]
[PlyCount "33"]
[EventDate "2016.05.25"]
[EventType "swiss"]
[EventRounds "7"]
[EventCountry "GER"]
[SourceTitle "EXT 2017"]
[Source "ChessBase"]
[SourceDate "2016.10.25"]
[SourceVersion "1"]
[SourceVersionDate "2016.10.25"]
[SourceQuality "1"]

1. e4 d5 2. exd5 Qxd5 3. Nc3 Qd6 4. Bc4 Nf6 5. d4 a6 6. Nf3 b5 7. Bb3 Bb7 8. 0-0 e6 9. Re1 Be7 10. Ne5 0-0 11. Bf4 Qb6 12. Nxf7 Rxf7 13. Rxe6 Bd6 14. Rxf6 gxf6 15. Qh5 Nd7 16. Qxf7+ Kh8 17. Bh6 1-0

[Event "Hessenliga 1516"]
[Site "Germany"]
[Date "2016.03.06"]
[Round "8.8"]
[White "Faqiry, Ramat"]
[Black "Rohmann, Wolfgang"]
[Result "1/2-1/2"]
[WhiteElo "2013"]
[BlackElo "1891"]
[PlyCount "70"]
[EventDate "2015.09.27"]
[EventType "team-tourn"]
[EventRounds "9"]
[EventCountry "GER"]
[SourceTitle "EXT 2018"]
[Source "ChessBase"]
[SourceDate "2017.10.13"]
[SourceVersion "1"]
[SourceVersionDate "2017.10.13"]
[SourceQuality "1"]
[WhiteTeam "Bad Homburg"]
[BlackTeam "Gelnhausen"]
[WhiteTeamCountry "GER"]
[BlackTeamCountry "GER"]

1. d4 d6 2. Nf3 Bg4 3. c4 e5 4. Nc3 Nc6 5. e3 Nf6 6. Be2 Qd7 7. d5 Nb4 8. a3 Na6 9. b4 g6 10. e4 Bxf3 11. Bxf3 h5 12. Bg5 Be7 13. Rc1 Nxd5 14. Qxd5 Bxg5 15. Rd1 c6 16. Qxd6 Qxd6 17. Rxd6 Ke7 18. Rd1 Rad8 19. Ke2 Nc7 20. h4 Rxd1 21. Nxd1 Bf6 22. Ne3 Ne6 23. Nc2 Rd8 24. g3 Nd4+ 25. Nxd4 Rxd4 26. c5 b6 27. Rc1 Kd7 28. Ke3 Bg7 29. Be2 b5 30. Rd1 Bh6+ 31. f4 Rxd1 32. Bxd1 exf4+ 33. gxf4 Bg7 34. e5 Bf8 35. Bb3 Ke8 1/2-1/2

[Event "Hessenliga 1516"]
[Site "Germany"]
[Date "2015.11.22"]
[Round "3.8"]
[White "Faqiry, Ramat"]
[Black "Nothnagel, Markus"]
[Result "1/2-1/2"]
[WhiteElo "2013"]
[BlackElo "2241"]
[PlyCount "29"]
[EventDate "2015.09.27"]
[EventType "team-tourn"]
[EventRounds "9"]
[EventCountry "GER"]
[SourceTitle "EXT 2018"]
[Source "ChessBase"]
[SourceDate "2017.10.13"]
[SourceVersion "1"]
[SourceVersionDate "2017.10.13"]
[SourceQuality "1"]
[WhiteTeam "Bad Homburg"]
[BlackTeam "Griesheim II"]
[WhiteTeamCountry "GER"]
[BlackTeamCountry "GER"]

1. d4 d5 2. c4 e6 3. Nf3 c6 4. e3 Bd6 5. Bd3 f5 6. Nc3 Nf6 7. Ne5 0-0 8. f4 Ne4 9. 0-0 Nd7 10. cxd5 exd5 11. Bd2 Nxd2 12. Qxd2 Nf6 13. Rac1 Qe7 14. Qc2 Ne4 15. Nxe4 1/2-1/2

[Event "Rhein Main op-A 18th"]
[Site "Bad Homburg"]
[Date "2015.06.07"]
[Round "7"]
[White "Faqiry, Ramat"]
[Black "Geshnizjani, Ramin Tobias"]
[Result "1/2-1/2"]
[WhiteElo "1995"]
[BlackElo "2081"]
[PlyCount "67"]
[EventDate "2015.06.03"]
[EventType "swiss"]
[EventRounds "7"]
[EventCountry "GER"]
[SourceTitle "CBM 167 Extra"]
[Source "ChessBase"]
[SourceDate "2015.09.14"]
[SourceVersion "1"]
[SourceVersionDate "2015.09.14"]
[SourceQuality "1"]

1. Nf3 d5 2. d4 Nf6 3. c4 e6 4. g3 Be7 5. Bg2 0-0 6. 0-0 dxc4 7. Qc2 a6 8. Qxc4 b5 9. Qc2 Bb7 10. Bf4 Nc6 11. Rd1 Nb4 12. Qc1 Rc8 13. a3 Nbd5 14. b4 Nb6 15. Nbd2 Bd6 16. Nb3 Nc4 17. Nc5 Bxc5 18. dxc5 Qe7 19. Ne5 Bxg2 20. Kxg2 Nxe5 21. Bxe5 Nd5 22. e4 Nf6 23. Qf4 Rfd8 24. Rxd8+ Qxd8 25. Qf3 Qe7 26. Rd1 Rd8 27. Rd3 Ne8 28. Qd1 Rxd3 29. Qxd3 f6 30. Bf4 e5 31. Be3 c6 32. f4 exf4 33. Bxf4 Kf7 34. Qb3+ 1/2-1/2

[Event "Rhein Main op-A 18th"]
[Site "Bad Homburg"]
[Date "2015.06.06"]
[Round "6"]
[White "Ochmann, Reimund"]
[Black "Faqiry, Ramat"]
[Result "0-1"]
[WhiteElo "2097"]
[BlackElo "1995"]
[PlyCount "50"]
[EventDate "2015.06.03"]
[EventType "swiss"]
[EventRounds "7"]
[EventCountry "GER"]
[SourceTitle "CBM 167 Extra"]
[Source "ChessBase"]
[SourceDate "2015.09.14"]
[SourceVersion "1"]
[SourceVersionDate "2015.09.14"]
[SourceQuality "1"]

1. e4 Nc6 2. Nf3 f5 3. exf5 d5 4. Bb5 Bxf5 5. Ne5 Qd6 6. d4 a6 7. Bxc6+ bxc6 8. c3 Nf6 9. Bf4 Qe6 10. 0-0 g5 11. Bxg5 Rg8 12. Bf4 Bh3 13. Bg3 h5 14. Qa4 Rb8 15. Qxc6+ Qxc6 16. Nxc6 Rxb2 17. gxh3 h4 18. Kh1 hxg3 19. fxg3 Ne4 20. g4 Nf2+ 21. Kg2 Nxg4+ 22. Nd2 Rxd2+ 23. Kf3 Nxh2+ 24. Ke3 Nxf1+ 25. Rxf1 Bh6+ 0-1